[Event "ESP-ch U18"]
[Site "Los Barrios"]
[Date "1995.??.??"]
[Round "6"]
[White "Cervantes, S."]
[Black "De la Cruz, Gaudencio"]
[Result "1-0"]
[WhiteElo "2000"]
[BlackElo "1970"]
[PlyCount "81"]
[EventDate "1995.??.??"]
[EventType "swiss"]
[EventRounds "8"]
[EventCountry "ESP"]
[SourceTitle "EXT 1998"]
[Source "ChessBase"]
[SourceDate "1997.11.17"]
[SourceVersion "1"]
[SourceVersionDate "1997.11.17"]
[SourceQuality "1"]

1. d4 Nf6 2. Nf3 g6 3. c4 Bg7 4. Nc3 0-0 5. Bg5 d6 6. e3 Nbd7 7. Be2 c6 8. 0-0 a6 9. a4 h6 10. Bh4 a5 11. Qc2 Nb8 12. Rad1 Na6 13. e4 Qb6 14. e5 Bf5 15. Qc1 dxe5 16. dxe5 Nd7 17. Bxe7 Rfe8 18. Bd6 Nxe5 19. Nxe5 Rxe5 20. Bxe5 Bxe5 21. Bd3 Bg4 22. Rde1 Bg7 23. h3 Bd7 24. Re7 Nc5 25. Qb1 Qd8 26. Re3 Qh4 27. Ne4 Nxd3 28. Qxd3 Be6 29. Qe2 Rd8 30. b3 Bd4 31. Rd3 Bf5 32. g4 Be6 33. Rfd1 Bb6 34. Qf3 Qe7 35. Qf6 Rxd3 36. Rxd3 Qb4 37. Qc3 Qe7 38. Nf6+ Kf8 39. Nh7+ Kg8 40. Nf6+ Kf8 41. Nd7+ 1-0

[Event "ESP-ch U18"]
[Site "Los Barrios"]
[Date "1995.??.??"]
[Round "5"]
[White "Garcia, Jose"]
[Black "Cervantes, S."]
[Result "1-0"]
[WhiteElo "1945"]
[BlackElo "2000"]
[PlyCount "41"]
[EventDate "1995.??.??"]
[EventType "swiss"]
[EventRounds "8"]
[EventCountry "ESP"]
[SourceTitle "EXT 1998"]
[Source "ChessBase"]
[SourceDate "1997.11.17"]
[SourceVersion "1"]
[SourceVersionDate "1997.11.17"]
[SourceQuality "1"]

1. e4 c5 2. c4 Nc6 3. Nc3 d6 4. g3 g6 5. Bg2 Bg7 6. d3 e6 7. Nge2 Nge7 8. 0-0 0-0 9. Be3 Nd4 10. a3 Nec6 11. h3 Rb8 12. Rb1 Bd7 13. b4 a6 14. f4 Nxe2+ 15. Nxe2 Nd4 16. Kh2 b5 17. g4 Qc7 18. cxb5 Bxb5 19. Rc1 Rfd8 20. Bxd4 e5 21. Be3 1-0